Sanat: "Vieri vesi vieri" - Haloo Helsinki - Statistics

Yleistilastot
  • Tätä visaa on pelattu 29 kertaa
  • Keskiarvotulos 155 / 202
Vastaustilastot
% Oikein
100%
100%
oon
100%
vesi,
100%
vie
100%
Vieri,
100%
vieri,
100%
rikki,
94%
irrottanut
88%
kaiteesta.
88%
kuin
88%
Älä
81%
alla,
81%
elää.
81%
elämässä
81%
elämässä.
81%
enemmän
81%
kädet
81%
tässä
81%
ja
75%
mua
75%
pieni,
75%
sammuta.
75%
sammuta,
75%
se
75%
se,
75%
tahdon
75%
Tahdon
75%
tultani
75%
Vantaa,
75%
Vantaa.
75%
voimia,
75%
Ei
69%
huimaa,
69%
kun
69%
vaikka
69%
alas
63%
huojuvalta.
63%
Jalkojen
63%
kantaa,
63%
katselen
63%
pohjaan
63%
saakka.
63%
täällä
63%
tuntuu
63%
Varmaa,
63%
varmaa,
63%
vettä
63%
vihreää
63%
että
56%
jatkaa,
56%
mikäpä
56%
mun
56%
mutta
56%
olis
56%
paitsi
56%
pitää
56%
Rautaa,
56%
rautaa.
56%
Rautatiesilta
56%
ruostunutta
56%
vaikealta.
56%
virtaa
56%
pienet
50%
pyörteet,
50%
pyörteet.
50%
Tanssii,
50%
tanssii
50%
tuntuis
50%
ainoassa
44%
hengitän
44%
Ilmaa,
44%
ilmaa.
44%
ois,
44%
pettymysten
44%
taakka.
44%
helpotusta,
38%
Helppoo
38%
helppoo
38%
selässä
38%
tuo
38%
iltaruuhkan
31%
kääntyy
31%
painaa
31%
pois.
31%
puuta
31%
Ehtoja vastaavia visoja ei löytynyt
Tulosjakauma
Jokaisen tuloksen saaneiden osuus
Persentiili vastausten määrän mukaan
Tuloshistoriasi
Et ole pelannut tätä visaa